| 000 | 00645nam a2200193Ia 4500 | ||
|---|---|---|---|
| 008 | 151121s9999||||xx |||||||||||||| ||und|| | ||
| 082 | _a812/ठकार | ||
| 082 | _bHNW-45839 | ||
| 100 | _aसौ। सुलभा ठकार | ||
| 245 | _aसंगीत इंद्रधनू | ||
| 260 | _b"संगत प्रकाशन, सोलापूर।" | ||
| 260 | _c-- | ||
| 300 | _a50 | ||
| 600 | _aसौ। सुलभा ठकार | ||
| 630 | _aसंगीत इंद्रधनू | ||
| 700 | _aसौ। सुलभा ठकार | ||
| 730 | _aसंगीत इंद्रधनू | ||
| 942 | _cBOOK | ||
| 999 |
_c1232762 _d1232759 |
||